Southville International School and Colleges
Your cart is empty.
  • Cart
  • Lists
    Public lists Eva Luna New books Lux_list list_1
    Your lists Log in to create your own lists
  • Log in to your account
  • Your cookies
  • Search history
Southville International School and Colleges
  • Advanced search
  • Recent comments
  • Most popular
  • Libraries

Log in to your account

Log in with GOOGLE


If you do not have an external account, but do have a local account, you can still log in:

  1. Home
  2. MARC view: Complete chemistry for Cambridge IGCSE :
Normal view MARC view ISBD view

Complete chemistry for Cambridge IGCSE : (Record no. 344415)

[ view plain ]
MARC details
000 -LEADER
fixed length control field 01114nam a22002297a 4500
003 - CONTROL NUMBER IDENTIFIER
control field SISC
005 - DATE AND TIME OF LATEST TRANSACTION
control field 20171018110806.0
008 - FIXED-LENGTH DATA ELEMENTS--GENERAL INFORMATION
fixed length control field 171018b xxu||||| |||| 00| 0 eng d
020 ## - INTERNATIONAL STANDARD BOOK NUMBER
International Standard Book Number 9780198308768
050 ## - LIBRARY OF CONGRESS CALL NUMBER
Classification number QD 33
Item number .G162 2015
100 ## - MAIN ENTRY--PERSONAL NAME
Personal name Gallagher, RoseMarie
245 ## - TITLE STATEMENT
Title Complete chemistry for Cambridge IGCSE :
Remainder of title teacher resource pack /
Statement of responsibility, etc RoseMarie Gallagher, Paul Ingram.
250 ## - EDITION STATEMENT
Edition statement Third edition
260 ## - PUBLICATION, DISTRIBUTION, ETC. (IMPRINT)
Place of publication, distribution, etc Oxford :
Name of publisher, distributor, etc Oxford University Press,
Date of publication, distribution, etc c2015
300 ## - PHYSICAL DESCRIPTION
Extent 124 pages :
Other physical details illustrations ;
Dimensions 28 cm.
520 ## - SUMMARY, ETC.
Summary, etc This new edition of the Teacher's Resource Pack offers expert support for the Cambridge IGCSE Chemistry syllabus. It now includes lesson plans for some of the toughest topics as well as updated classroom support, including worksheets and ideas for practicals. (Source: WorldCat)
650 ## - SUBJECT ADDED ENTRY--TOPICAL TERM
Source of heading or term Library of Congress Subject Classification
Topical term or geographic name as entry element Chemistry
General subdivision Study and teaching (Secondary)
Geographic subdivision Great Britain
650 ## - SUBJECT ADDED ENTRY--TOPICAL TERM
Source of heading or term Library of Congress Subject Classification
Topical term or geographic name as entry element Chemistry
General subdivision Study and teaching (Secondary)
700 ## - ADDED ENTRY--PERSONAL NAME
Personal name Ingram, Paul
942 ## - ADDED ENTRY ELEMENTS (KOHA)
Source of classification or shelving scheme Library of Congress Classification
Koha item type Books
Edition Third
Holdings
Withdrawn status Lost status Source of classification or shelving scheme Damaged status Home library Current library Shelving location Date acquired Source of acquisition Sub Shelving location Total Checkouts Full call number Barcode Date last seen Copy number Price effective from Koha item type Public note
    Library of Congress Classification   Luxembourg Library Luxembourg Library Teachers Reference Section 10/18/2017 Library Fund     QD 33 .G162 2015 20467 10/18/2017 1 10/18/2017 Books Be Amazing. Be Southville!

Complete chemistry for Cambridge IGCSE :

APA

Gallagher R., Ingram P., . (2015). Complete chemistry for Cambridge IGCSE. Oxford: Oxford University Press.

Chicago

Gallagher RoseMarie, Ingram Paul, . 2015. Complete chemistry for Cambridge IGCSE. Oxford: Oxford University Press.

Harvard

Gallagher R., Ingram P., . (2015). Complete chemistry for Cambridge IGCSE. Oxford: Oxford University Press.

MLA

Gallagher RoseMarie, Ingram Paul, . Complete chemistry for Cambridge IGCSE. Oxford: Oxford University Press. 2015.

  • Place hold
  • Print
  • Cite
  • Add to your cart (remove)
  • Save record
    BIBTEX Dublin Core MARCXML MARC (non-Unicode/MARC-8) MARC (Unicode/UTF-8) MARC (Unicode/UTF-8, Standard) MODS (XML) RIS
  • More searches
    Search for this title in:
    Other Libraries (WorldCat) Other Databases (Google Scholar) Online Stores (Bookfinder.com) Open Library (openlibrary.org)

Exporting to Dublin Core...

SOUTHVILLE LIBRARY

Southville International School and Colleges Library

1281 Tropical Ave. Cor. Luxembourg St., BF Homes International, Las Pinas City

Tel. No. 8256374 / 252358 Loc. 117/146

Powered by Koha